The precious gift = Tuhfat al-nafis /

Bibliographic Details
Main Author: Ali al-Haji Riau, Raja, 1809-1870
Other Authors: Matheson, Virginia, Andaya, Barbara Watson
Format: Book
Language:English
Published: Kuala Lumpur ; New York : Oxford University Press, 1982.
Series:East Asian historical monographs.
Subjects:

MARC

Tag First Indicator Second Indicator Subfields
LEADER 00000cam a2200000 a 4500
001 in00000378713
005 20151011084923.0
008 830329s1982 my abfj b 00110 eng
010 |a  82940773  
020 |a 0195825071 
035 |a (OCoLC)09412722 
035 |9 ABQ4292AM 
039 0 |a 2  |b 3  |c 3  |d 3  |e 3 
040 |a DLC  |c DLC  |d TXA  |d UtOrBLW 
041 1 |a eng  |h may 
043 |a a-my---  |a a-io--- 
049 |a TXAM  |c [1505745] 
050 0 0 |a DS596.6  |b  A4413 1982 
082 0 |a 959.5  |2 19 
100 0 |a Ali al-Haji Riau,  |c Raja,  |d 1809-1870. 
240 1 0 |a Tuhfat al-nafis.  |l English 
245 1 4 |a The precious gift =  |b Tuhfat al-nafis /  |c Raja Ali Haji ibn Ahmad ; an annotated translation by Virginia Matheson & Barbara Watson Andaya. 
246 3 1 |a Tuhfat al-nafis  
264 1 |a Kuala Lumpur ;  |a New York :  |b Oxford University Press,  |c 1982. 
300 |a xix, 476 pages, 4 unnumbered pages of plates :  |b illustrations, maps, genealogical tables ;  |c 23 cm. 
336 |a text  |b txt  |2 rdacontent 
337 |a unmediated  |b n  |2 rdamedia 
338 |a volume  |b nc  |2 rdacarrier 
490 1 |a East Asian historical monograph 
500 |a Includes index. 
504 |a Bibliography: pages [422]-440. 
650 0 |a Bugis (Malay people)  |x History. 
651 0 |a Malaysia  |x History. 
651 0 |a Malay Archipelago  |x History. 
700 1 |a Matheson, Virginia. 
700 1 |a Andaya, Barbara Watson. 
830 0 |a East Asian historical monographs. 
999 |a MARS 
999 f f |s 34311a3b-ca3d-3057-a976-03c801c5afa0  |i 63f10268-e1a0-3132-a702-77f43403856c  |t 0 
952 f f |p normal  |a Texas A&M University  |b College Station  |c Sterling C. Evans Library  |d Evans: Library Stacks  |t 0  |e DS596.6 A4413 1982  |h Library of Congress classification  |i unmediated -- volume  |m A14807445062 
998 f f |a DS596.6 A4413 1982  |t 0  |l Evans: Library Stacks